Normal view
MARC view
- Kreith, Frank/
Entry Personal Name
001 - CONTROL NUMBER
- control field: 5133
003 - CONTROL NUMBER IDENTIFIER
- control field: JO-AjAnu
005 - DATE AND TIME OF LATEST TRANSACTION
- control field: 20230606071132.0
008 - FIXED-LENGTH DATA ELEMENTS
- fixed length control field: 230606|| aca||aabn | a|a d
040 ## - CATALOGING SOURCE
- Original cataloging agency: JO-AjAnu
- Transcribing agency: JO-AjAnu
100 ## - HEADING--PERSONAL NAME
- Personal name: Kreith, Frank/
670 ## - SOURCE DATA FOUND
- Source citation: Work cat.: (JO-AjAnu)2652: Kreith, Frank/, author, Handbook of Solid Waste Management